<?xml version="1.0" encoding="UTF-8"?>
<record
    xmlns:xsi="http://www.w3.org/2001/XMLSchema-instance"
    xsi:schemaLocation="http://www.loc.gov/MARC21/slim http://www.loc.gov/standards/marcxml/schema/MARC21slim.xsd"
    xmlns="http://www.loc.gov/MARC21/slim">

  <leader>01600cam a2200397 a 4500</leader>
  <controlfield tag="001">10393727</controlfield>
  <controlfield tag="005">20220326193333.0</controlfield>
  <controlfield tag="008">121105s2012    onca     bc   000 0 eng  </controlfield>
  <datafield tag="016" ind1=" " ind2=" ">
    <subfield code="a">20129074241</subfield>
  </datafield>
  <datafield tag="020" ind1=" " ind2=" ">
    <subfield code="a">9780921972655</subfield>
  </datafield>
  <datafield tag="020" ind1=" " ind2=" ">
    <subfield code="a">0921972652</subfield>
  </datafield>
  <datafield tag="029" ind1="0" ind2=" ">
    <subfield code="a">NLC</subfield>
    <subfield code="b">20129074241</subfield>
  </datafield>
  <datafield tag="035" ind1=" " ind2=" ">
    <subfield code="a">(OCoLC)ocn816765544</subfield>
  </datafield>
  <datafield tag="035" ind1=" " ind2=" ">
    <subfield code="a">(OCoLC)816765544</subfield>
    <subfield code="z">(OCoLC)822895336</subfield>
  </datafield>
  <datafield tag="035" ind1=" " ind2=" ">
    <subfield code="a">(NNC)10393727</subfield>
  </datafield>
  <datafield tag="040" ind1=" " ind2=" ">
    <subfield code="a">NLC</subfield>
    <subfield code="b">eng</subfield>
    <subfield code="c">NLC</subfield>
    <subfield code="d">OCLCO</subfield>
    <subfield code="d">YDXCP</subfield>
    <subfield code="d">BTCTA</subfield>
    <subfield code="d">CGU</subfield>
  </datafield>
  <datafield tag="041" ind1="0" ind2=" ">
    <subfield code="a">eng</subfield>
    <subfield code="a">spa</subfield>
  </datafield>
  <datafield tag="082" ind1="0" ind2="4">
    <subfield code="a">708</subfield>
    <subfield code="b">V436h</subfield>
  </datafield>
  <datafield tag="100" ind1="1" ind2=" ">
    <subfield code="a">V&#xE9;lez, Humberto,</subfield>
    <subfield code="d">1965-</subfield>
    <subfield code="9">3393</subfield>
  </datafield>
  <datafield tag="245" ind1="1" ind2="0">
    <subfield code="a">Humberto V&#xE9;lez :</subfield>
    <subfield code="b">Aesthetics of collaboration /</subfield>
    <subfield code="c">Humberto V&#xE9;lez, artist ; Emelie Chhangur, author and curator ; Luis Camnitzer, author ; Hans-Michael Herzog, Adrienne Samos, interviewer.</subfield>
  </datafield>
  <datafield tag="260" ind1=" " ind2=" ">
    <subfield code="a">Toronto :</subfield>
    <subfield code="b">Art Gallery of York University,</subfield>
    <subfield code="c">2012.</subfield>
  </datafield>
  <datafield tag="300" ind1=" " ind2=" ">
    <subfield code="a">175 p. :</subfield>
    <subfield code="b">ill. (col.) ;</subfield>
    <subfield code="c">25 cm.</subfield>
  </datafield>
  <datafield tag="504" ind1=" " ind2=" ">
    <subfield code="a">Includes bibliographical references.</subfield>
  </datafield>
  <datafield tag="546" ind1=" " ind2=" ">
    <subfield code="a">Text in English and Spanish.</subfield>
  </datafield>
  <datafield tag="585" ind1=" " ind2=" ">
    <subfield code="a">Catalogue of an exhibition and public performance held at the Art Gallery of York Univeristy, 13 April-26 June 2011, and 14 May 2011 respectively.</subfield>
  </datafield>
  <datafield tag="600" ind1="1" ind2="0">
    <subfield code="a">V&#xE9;lez, Humberto,</subfield>
    <subfield code="d">1965-</subfield>
    <subfield code="v">Exhibitions.</subfield>
    <subfield code="9">3394</subfield>
  </datafield>
  <datafield tag="650" ind1=" " ind2=" ">
    <subfield code="a">Performance (Arte)</subfield>
    <subfield code="9">3395</subfield>
  </datafield>
  <datafield tag="650" ind1=" " ind2=" ">
    <subfield code="a">Est&#xE9;tica</subfield>
    <subfield code="v">Colaboraci&#xF3;n</subfield>
    <subfield code="x">Comunidad</subfield>
    <subfield code="9">3396</subfield>
  </datafield>
  <datafield tag="700" ind1="1" ind2=" ">
    <subfield code="a">Camnitzer, Luis,</subfield>
    <subfield code="d">1937-</subfield>
    <subfield code="9">3101</subfield>
  </datafield>
  <datafield tag="700" ind1="1" ind2=" ">
    <subfield code="a">Herzog, Hans-Michael,</subfield>
    <subfield code="d">1956-</subfield>
    <subfield code="9">1964</subfield>
  </datafield>
  <datafield tag="700" ind1="1" ind2=" ">
    <subfield code="a">Samos, Adrienne.</subfield>
    <subfield code="9">3397</subfield>
  </datafield>
  <datafield tag="700" ind1="1" ind2=" ">
    <subfield code="a">Chhangur, Emelie [curadora]</subfield>
    <subfield code="9">2928</subfield>
  </datafield>
  <datafield tag="710" ind1="2" ind2=" ">
    <subfield code="a">York University (Toronto, Ont.).</subfield>
    <subfield code="b">Art Gallery.</subfield>
    <subfield code="9">2929</subfield>
  </datafield>
  <datafield tag="948" ind1="1" ind2=" ">
    <subfield code="a">20130726</subfield>
    <subfield code="b">c</subfield>
    <subfield code="c">rhg9</subfield>
    <subfield code="d">OSMC</subfield>
  </datafield>
  <datafield tag="999" ind1=" " ind2=" ">
    <subfield code="c">724</subfield>
    <subfield code="d">724</subfield>
  </datafield>
  <datafield tag="952" ind1=" " ind2=" ">
    <subfield code="0">0</subfield>
    <subfield code="1">0</subfield>
    <subfield code="2">ddc</subfield>
    <subfield code="4">0</subfield>
    <subfield code="7">0</subfield>
    <subfield code="a">LV</subfield>
    <subfield code="b">LV</subfield>
    <subfield code="c">Monograf&#xED;as</subfield>
    <subfield code="d">2015-08-24</subfield>
    <subfield code="l">0</subfield>
    <subfield code="o">708 V436h</subfield>
    <subfield code="p">004090</subfield>
    <subfield code="r">2015-08-24 00:00:00</subfield>
    <subfield code="w">2015-08-24</subfield>
    <subfield code="y">01</subfield>
  </datafield>
</record>
